000 00468nam a22001817a 4500
003 MPLRDC
005 20220104143628.0
008 210129b ||||| |||| 00| 0 eng d
020 _a983-99220-2-5
082 _a312.9165 ZYC-3 1997
100 _a郑云城、赖昭光、叶瑞生 著
245 _a电子商务大趋势
_c
250 _a初版
260 _a
_b方正资讯网
_c1997
300 _b
650 _a广域网路
942 _cBK
_o312.9165 ZYC-3 1997
999 _c41779
_d41769